Countries By Regional Category #1 - Statistics

General Stats
  • This quiz has been taken 1,276 times
  • The average score is 14 of 15
Answer Stats
Region # Answer % Correct
Scandinavia 3
100%
Indian Subcontinent
(not including India)
6
99%
Central America 8
99%
The Arctic Circle 7
98%
Iberian Peninsula 4
97%
Balkan Peninsula 12
97%
Arabian Peninsula 7
97%
Indochina 6
96%
Antarctica 7
95%
Caucasus 4
91%
Micronesia
(not including FSM)*
*completely in Micronesia
4
91%
Mesoamerica 7
86%
Lesser Antilles 8
84%
Kalahari Desert 3
80%
Atlas Mountains 3
78%
No matching quizzes found
Score Distribution
Percent of People with Each Score
Percentile by Number Answered
Your Score History
You have not taken this quiz